MDQL
is popping MORE tags! Check the
thread
!
Quizzes
Events
Quiz Creation
Community
Videos
Private Events
Remove Ads
Sign In
Join for FREE
Feedback
Dark Mode
Quiz Categories
Sports
Geography
Music
Movies
Television
Just For Fun
Miscellaneous
History
Literature
Language
Science
Gaming
Entertainment
Religion
Holiday
For Kids
Quiz Lab
Recent
Popular Today
Quiz Kudos Today
Editor Picks
Curator Picks
Quizzes by...
Day
Popularity
Type
Ratings
Length
Year
Community
Subscriptions
Recent Discussions
Orange Saloon
Badges
Playlists
Quests
Create
Leaderboards
Showdown
Live 5
Trivia Bingo
Activity
Puzzle Library
Sporcle Events
Private Events
Virtual Trivia
Globe League
Become a Host
Pub Owners
SporcleCon
Opinionation
Our Games
Videos
Blog
Mobile Apps
Partnerships
Remove Ads and Go Orange
Feedback
Sports
Athletes
MLB
NBA
NHL
NFL
Soccer
Sports Teams
WWE
NCAA
Football
Premier League
Basketball
Baseball
Hockey
Golf
Tennis
Cricket
Rugby
Auto Racing
Olympics
World Cup
Sports
Athletes
MLB
NBA
NHL
NFL
Soccer
Sports Teams
WWE
NCAA
Football
Premier League
Basketball
Baseball
Hockey
Golf
Tennis
Cricket
Rugby
Auto Racing
Olympics
World Cup
Random Quiz
Search Sporcle
×
Quiz Lab
Quiz Lab
Sports
Overall
Type in answers that appear in a list
Type in answers that appear in a list
Classic
Best Score? Go Orange.
MLB.com 2014 Player Preview Top Players Stats
Can you name the MLB.com Top Players by Position and Top 100 Overall?
By
nushney
15m
110 Questions
1,667 Plays
1,667 Plays
1,667 Plays
Comments
Comments
Give Quiz Kudos
Give Quiz Kudos
-
- Ratings
hide this ad
Replay
Link that replays current quiz
Next Quiz
Link to next quiz in quiz playlist
You Got
0%
They Got
Avg Score
52%
Avg Friend Score
Upgrade to see
Score Distribution
Jump to the score distribution portion of the page
Score
0/110
Timer
15:00
0
Plays Today
Position
Player
% Correct
Starting Pitcher
Clayton Kershaw
91.7%
Thirdbasemen
Miguel Cabrera
86.8%
Shortstops
Everth Cabrera
86.3%
Secondbasemen
Robinson Cano
86.1%
Firstbasemen
Prince Fielder
84%
Designated Hitters
David Ortiz
84%
Firstbasemen
Albert Pujols
81.8%
Center Fielders
Mike Trout
80.3%
Catcher
Buster Posey
78.2%
Firstbasemen
Adrian Gonzalez
76.6%
Left Fielders
Carlos Gonzalez
76.6%
Starting Pitcher
Felix Hernandez
76.3%
Starting Pitcher
Max Scherzer
74.6%
Secondbasemen
Dustin Pedroia
73.4%
Catcher
Yadier Molina
71.4%
Shortstops
Hanley Ramirez
70.8%
Thirdbasemen
Aramis Ramirez
70.8%
Catcher
Brian McCann
70.7%
Starting Pitcher
Cliff Lee
70.6%
Catcher
Joe Mauer
70.4%
Firstbasemen
Chris Davis
70.1%
Firstbasemen
Joey Votto
69.5%
Right Fielders
Ryan Braun
69.3%
Center Fielders
Billy Hamilton
69%
Firstbasemen
Freddie Freeman
69%
Center Fielders
Jacoby Ellsbury
68.8%
Center Fielders
Adam Jones
68.7%
Shortstops
Troy Tulowitzki
68.3%
Center Fielders
Andrew McCutchen
67.4%
Relief Pitcher
Craig Kimbrel
66.6%
Designated Hitters
Carlos Beltran
66.3%
Secondbasemen
Ian Kinsler
64.8%
Firstbasemen
Paul Goldschmidt
63.7%
Left Fielders
Bryce Harper
63.4%
Thirdbasemen
Adrian Beltre
62.8%
Thirdbasemen
David Wright
62.7%
Starting Pitcher
David Price
61.8%
Position
Player
% Correct
Left Fielders
Justin Upton
61.5%
Center Fielders
Matt Kemp
61.4%
Thirdbasemen
Evan Longoria
61.2%
Starting Pitcher
Adam Wainwright
60.9%
Shortstops
Jose Reyes
60.9%
Starting Pitcher
Yu Darvish
60.5%
Center Fielders
Leonys Martin
60.4%
Right Fielders
Jose Bautista
59.9%
Right Fielders
Yasiel Puig
59.2%
Thirdbasemen
Ryan Zimmerman
57.7%
Right Fielders
Jason Heyward
57.3%
Shortstops
Starlin Castro
54.6%
Firstbasemen
Edwin Encarnacion
54.3%
Left Fielders
Matt Holliday
54%
Right Fielders
Giancarlo Stanton
53.5%
Catcher
Carlos Santana
53%
Starting Pitcher
Jose Fernandez
52.8%
Secondbasemen
Matt Carpenter
52.2%
Left Fielders
Curtis Granderson
51.9%
Designated Hitters
Alfonso Soriano
51.7%
Relief Pitcher
Aroldis Chapman
50.9%
Right Fielders
Jay Bruce
50.2%
Center Fielders
Austin Jackson
50.1%
Designated Hitters
Billy Butler
48.8%
Left Fielders
Alex Gordon
47.9%
Starting Pitcher
Chris Sale
47.9%
Relief Pitcher
Joe Nathan
47.6%
Catcher
Matt Wieters
46.3%
Shortstops
Elvis Andrus
46%
Secondbasemen
Jason Kipnis
45.4%
Center Fielders
Carlos Gomez
45.2%
Thirdbasemen
Josh Donaldson
45%
Firstbasemen
Eric Hosmer
43.9%
Catcher
Salvadore Perez
43.7%
Firstbasemen
Allen Craig
43.7%
Left Fielders
Shin-Soo Choo
43.7%
Secondbasemen
Ben Zobrist
43.5%
Position
Player
% Correct
Left Fielders
Yoenis Cespedes
43.4%
Shortstops
Ian Desmond
43%
Relief Pitcher
David Robertson
42.2%
Thirdbasemen
Pedro Alvarez
42.1%
Right Fielders
Hunter Pence
41.5%
Relief Pitcher
Koji Uehara
41.5%
Right Fielders
Shane Victorino
41.3%
Thirdbasemen
Chase Headley
41.1%
Starting Pitcher
Madison Bumgarner
40.5%
Designated Hitters
Adam Dunn
39.8%
Left Fielders
Domonic Brown
38.5%
Secondbasemen
Aaron Hill
38.3%
Relief Pitcher
Greg Holland
35.2%
Secondbasemen
Jose Altuve
35%
Relief Pitcher
Kenley Jansen
33%
Left Fielders
Starling Marte
31.6%
Shortstops
Jean Segura
31.6%
Relief Pitcher
Sergio Romo
30.8%
Right Fielders
Alex Rios
29.2%
Catcher
Wilin Rosario
28.9%
Catcher
Jonathan Lucroy
28.5%
Secondbasemen
Daniel Murphy
28%
Shortstops
Brad Miller
27.1%
Designated Hitters
Corey Hart
26.6%
Relief Pitcher
Trevor Rosenthal
26.3%
Shortstops
Alcides Escobar
26.3%
Right Fielders
Wil Myers
25.9%
Thirdbasemen
Kyle Seager
25.7%
Center Fielders
Desmond Jennings
25.2%
Designated Hitters
Kendrys Morales
24.8%
Secondbasemen
Jurickson Profar
24.7%
Designated Hitters
Jose Abreu
23.3%
Relief Pitcher
Glen Perkins
22.2%
Catcher
Wilson Ramos
22.1%
Designated Hitters
Chris Carter
21.4%
Designated Hitters
Mitch Moreland
18.1%
Quiz Playlist
Details
Report
Send in Message
Add To Playlist
Classic:
Type in answers that appear in a list
Quiz Source
Last Updated: Feb 16, 2017
Quiz Scoreboard
CHALLENGE
Sign Up to Join the Scoreboard
Show All
Scores
Hide
Comments
May contain spoilers
Recently Published
Find the 'City' Movie
by crazypaving
Movies
60s
5x2 Blitz: Bands
by SL_Kpop136
Music
30s
Colored Red Africa Blitz
by spor1
Geography
30s
More to Explore
Quiz From the Vault
Featured Blog Post
14 Easter Pick-up Lines to Find Eggs With
hide this ad
You Might Also Like...
Tags
100
2014
Overall
Player
Preview
Top 100
Top Player
Today's Top Quizzes in Sports
Browse Sports
hide this ad
Today's Top Quizzes in Overall
Browse Overall
Top Contributed Quizzes in Sports
1
Players with Multiple 50 Home Run Seasons
2
Criteria MLB: Left Handed Sluggers
3
MLB Players with Two .350 Batting Average Seasons
4
Who Hit More Homers?
5
Premier League Clubs since 2000 (minefield)
6
Who Needs Fielders?
7
2020 F1 Drivers Logic Puzzle
8
Les entraîneurs de l'OM et du PSG au 21e siècle
9
Top 10 NHL Goal Scorers of All Time
10
MLB Hall of Famer by Rings
Explore More
Trending Topics
Anime
Crossword
Disney
Harry Potter
NBA
Marvel
Kpop
WWE
NFL
Pokémon
Soccer
Song
Country
Puzzle
The Office
hide this ad
More By:
nushney
Quiz
Plays
Rating
Category
Featured
Created
2015 MLB Teams Most Common Lineups
9,868
3.80
Sports
Oct 26, 2015
1000 HR Teammates
9,617
4.63
Sports
Jun 13, 2011
WWE: Opponents of The Shield
9,199
3.89
Sports
Apr 11, 2013
2012 MLB Teams Most Common Lineups
8,824
4.57
Sports
Oct 20, 2012
Top 4 Most Populous Cities per State
8,507
3.85
Geography
Mar 22, 2010
Go to Creator's Profile
Score Distribution
Quiz Creator Spotlight
nushney
Follow
Send a Message
Quizzes Created
-
Created Quiz Play Count
-
More By This Creator
Popular Quizzes Today
1
Colored Red Africa Blitz
2
Find the 'City' Movie
3
5x2 Blitz: Bands
4
Find the US States - No Outlines Minefield
5
The Countries of the World
6
Find the US States
7
US States
8
9x9 Crossword: Cartoon Network
More Sports Quizzes
Formula One - GP Wins
Quiz Lab
Trending Quizzes
Colored Red Europe Blitz I
Colored Red Africa Blitz II
Colored Red Europe Blitz II
Colored Red Europe Blitz III
Colored Red Africa Blitz III
Recently Updated
Champions League XIs: Real Madrid
pecheneg
Largest US Cities 1790-2010
pecheneg
Rides in Walt Disney World
pecheneg
Most Oscar Losses (Acting)
pecheneg
Beyoncé Albums
pecheneg
Leaping Animals
pecheneg
Reality TV Shows (A-Z)
bhenderson79
Rickey Henderson's Hall of Fame Teammates
pecheneg
Champions League XIs: Arsenal
pecheneg
Quick Pick: Celebrities in WWE's Hall of Fame
aduchscher
Trending Topics
Kpop
Disney
Anime
Marvel
Crossword
NBA
Harry Potter
Country
NFL
Puzzle
Pokémon
WWE
Song
Soccer
The Office
Your Account Isn't Verified!
In order to create a playlist on Sporcle, you need to verify the email address you used during registration. Go to your
Sporcle Settings
to finish the process.
Report this User
Report this user for behavior that violates our
Community Guidelines
.
Details:
Send Report
Go to the Sporcle.com Mobile Site →
Comments